Carrots to lure diamonds (Record no. 66996)

MARC details
000 -LEADER
fixed length control field 01269cam a2200253 4500
001 - CONTROL NUMBER
control field ABS64036
008 - FIXED-LENGTH DATA ELEMENTS--GENERAL INFORMATION
fixed length control field 000000n2001 000 0 eng u
035 ## - SYSTEM CONTROL NUMBER
System control number (Sirsi) u112563
100 ## - MAIN ENTRY--PERSONAL NAME
Personal name Tasso, K
245 ## - TITLE STATEMENT
Title Carrots to lure diamonds
260 ## - PUBLICATION, DISTRIBUTION, ETC.
Date of publication, distribution, etc. 2001
490 ## - SERIES STATEMENT
Series statement Estates Gazette
Volume/sequential designation (0016) 21 April 2001, 130-131(2)
520 ## - SUMMARY, ETC.
Summary, etc. Considers the measures required to improve the standing of the surveying profession. Suggests that universities and firms need to attract higher quality students and graduates, and outlines the RICS marketing plan to change the perception of the profession and encourage recognition of the chartered surveyor title. Argues that poor salaries are a key reason why surveying fails to attract good candidates, and suggests that fee levels should be on a par with lawyers and accountants. Concludes that the property professional's significance in the boardroom should be raised to resolve the recruitment issue. Tables.
590 ## - LOCAL NOTE (RLIN)
Local note ABS
650 ## - SUBJECT ADDED ENTRY--TOPICAL TERM
Topical term or geographic name entry element SURVEYORS
650 ## - SUBJECT ADDED ENTRY--TOPICAL TERM
Topical term or geographic name entry element SURVEYING PROFESSION
650 ## - SUBJECT ADDED ENTRY--TOPICAL TERM
Topical term or geographic name entry element SALARIES
650 ## - SUBJECT ADDED ENTRY--TOPICAL TERM
Topical term or geographic name entry element GRADUATES
650 ## - SUBJECT ADDED ENTRY--TOPICAL TERM
Topical term or geographic name entry element RECRUITMENT
650 ## - SUBJECT ADDED ENTRY--TOPICAL TERM
Topical term or geographic name entry element CAREERS, EDUCATION AND TRAINING
650 ## - SUBJECT ADDED ENTRY--TOPICAL TERM
Topical term or geographic name entry element RICS
690 ## - LOCAL SUBJECT ADDED ENTRY--TOPICAL TERM (OCLC, RLIN)
Topical term or geographic name as entry element MANAGEMENT-BUSINESS MANAGEMENT-PROFESSIONAL PRACTICE
942 ## - ADDED ENTRY ELEMENTS (KOHA)
Suppress in OPAC 0
Holdings
Withdrawn status Lost status Source of classification or shelving scheme Damaged status Not for loan Home library Current library Shelving location Date acquired Total Checkouts Full call number Barcode Date last seen Copy number Price effective from Koha item type
    Dewey Decimal Classification     London London Journal article 15/05/2001   ABS64036 112563-1001 06/08/2019 1 06/08/2019 Journal article